000 00485nam a22001697a 4500
003 0
005 20230922113648.0
008 230922b xxu||||| |||| 00| 0 eng d
020 _a978-0-72328-190-0
050 _aPZ 5
_b.G65 2012
245 _aLadybird tales : goldilocks and the three bears
260 _aLondon
_bLadybird Books Ltd.
_cc2012.
300 _a42 pages :
_bcol. ill. ;
_c20 cm.
500 _aChildren's stories.
650 _aChildren's stories.
942 _2lcc
_cBK
999 _c365361
_d365361